Cẩm nang công tác bảo vệ môi trường: Hướng dẫn về phí, lệ phí, xử phạt vi phạm hành chính trong lĩnh vực môi trường Mới nhất

Zapisane w:
Opis bibliograficzny
1. autor: Quốc Bình (s.t., hệ thống hóa)
Format: Książka
Język:Vietnamese
Wydane: h. Lao động 2010
Hasła przedmiotowe:
Etykiety: Dodaj etykietę
Nie ma etykietki, Dołącz pierwszą etykiete!
Thư viện lưu trữ: Mạng thư viện Đại học Đà Nẵng
LEADER 01380nam a2200373 4500
001 000007326
003 3487
005 20111003091041.0
008 110929s2010 viesd
020 |c 298000đ 
041 0 |a vie 
082 |a 344.046597  |b QU-B 
100 0 |a Quốc Bình 
245 0 |a Cẩm nang công tác bảo vệ môi trường: Hướng dẫn về phí, lệ phí, xử phạt vi phạm hành chính trong lĩnh vực môi trường  |b Mới nhất  |c Quốc Bình s.t.; hệ thống hóa 
260 |a h.  |b Lao động  |c 2010 
300 |a 514 tr  |b bảng  |c 28 cm 
653 |a Cẩm nang 
653 |a Công tác bảo vệ môi trường 
653 |a Hướng dẫn về phí 
653 |a Xử phạt hành chính 
653 |a Lĩnh vực môi trường 
653 |a mới nhất 
700 |a Quốc Bình  |e s.t., hệ thống hóa 
910 |a Nguyễn Thị Kim Oanh  |d 29/09/2011 
OWN |a LSP 
AVA |a UDN50  |b LSP  |d 344.046597 QU-B  |e available  |t Error 5001 Not defined in file expand_doc_bib_avail.  |f 1  |g 0  |h N  |i 0  |k 1 
999 |a From the UDN01 
AVA |a UDN50  |b LSP  |d 344.046597 QU-B  |e available  |t Error 5001 Not defined in file expand_doc_bib_avail.  |f 1  |g 0  |h N  |i 0  |k 1 
TYP |a Monograph 
TYP |a Printed language 
980 |a Mạng thư viện Đại học Đà Nẵng